|
|
|
|
| LEADER |
00000cam a2200000 7i4500 |
| 001 |
0000027350 |
| 005 |
20090827.0 |
| 008 |
090827 |
| 020 |
|
|
|a 0470124840
|
| 090 |
0 |
0 |
|a 004.0684
|b GRA
|
| 100 |
1 |
|
|a Gray, Patrick. 1977-
|
| 245 |
1 |
0 |
|a Breakthrough IT :
|b supercharging organizational value through technology
|c Patrick, Gray
|
| 260 |
|
|
|a New Jersey :
|b John Wiley & Sons, Inc ,
|c 2007
|
| 300 |
|
|
|a vii, 221p. ;
|c 24cm.
|
| 500 |
|
|
|a Includes index
|
| 650 |
|
0 |
|a Information Technology
|x Management
|
| 650 |
|
0 |
|a Organizational effectiveness
|
| 650 |
|
0 |
|a Technology innovations
|
| 999 |
|
|
|a 0001060999
|b Book
|c Adult Collection
|e Perbadanan Perpustakaan Awam Johor
|